South Eastern Kenya University

Library Online Public Access Catalogue


Natural resources for the 21st century / (Record no. 247)

MARC details
000 -LEADER
fixed length control field 01352cam a2200337 a 4500
001 - CONTROL NUMBER
control field 3398692
003 - CONTROL NUMBER IDENTIFIER
control field OSt
005 - DATE AND TIME OF LATEST TRANSACTION
control field 20140512120456.0
008 - FIXED-LENGTH DATA ELEMENTS--GENERAL INFORMATION
fixed length control field 890804s1990 dcua b 101 0 eng
010 ## - LIBRARY OF CONGRESS CONTROL NUMBER
LC control number 89019946
020 ## - INTERNATIONAL STANDARD BOOK NUMBER
International Standard Book Number 1559630035 (alk. paper) :
Terms of availability $34.95
020 ## - INTERNATIONAL STANDARD BOOK NUMBER
International Standard Book Number 1559630027 (pbk. : alk. paper) :
Terms of availability $19.95
040 ## - CATALOGING SOURCE
Original cataloging agency DLC
Transcribing agency DLC
Modifying agency DLC
043 ## - GEOGRAPHIC AREA CODE
Geographic area code n-us---
050 00 - LIBRARY OF CONGRESS CALL NUMBER
Classification number HC103.7
Item number .N29 1990
082 00 - DEWEY DECIMAL CLASSIFICATION NUMBER
Classification number 333.7/0973
Edition number 20
245 00 - TITLE STATEMENT
Title Natural resources for the 21st century /
Statement of responsibility, etc. edited by R. Neil Sampson and Dwight Hair.
260 ## - PUBLICATION, DISTRIBUTION, ETC. (IMPRINT)
Place of publication, distribution, etc. Washington, D.C. :
Name of publisher, distributor, etc. Island Press [in cooperation with] American Forestry Association,
Date of publication, distribution, etc. c1990.
300 ## - PHYSICAL DESCRIPTION
Extent xiv, 349 p. :
Other physical details ill. ;
Dimensions 24 cm.
500 ## - GENERAL NOTE
General note Papers presented at a conference held in Washington, D.C., Nov. 14-17, 1988.
504 ## - BIBLIOGRAPHY, ETC. NOTE
Bibliography, etc Includes bibliographical references and index.
650 #0 - SUBJECT ADDED ENTRY--TOPICAL TERM
Topical term or geographic name as entry element Renewable natural resources
Geographic subdivision United States
General subdivision Management
-- Congresses.
650 #0 - SUBJECT ADDED ENTRY--TOPICAL TERM
Topical term or geographic name as entry element Environmental policy
Geographic subdivision United States
General subdivision Congresses.
700 1# - ADDED ENTRY--PERSONAL NAME
Personal name Sampson, R. Neil.
700 1# - ADDED ENTRY--PERSONAL NAME
Personal name Hair, Dwight,
Dates associated with a name 1921-
710 2# - ADDED ENTRY--CORPORATE NAME
Corporate name or jurisdiction name as entry element American Forestry Association.
740 0# - ADDED ENTRY--UNCONTROLLED RELATED/ANALYTICAL TITLE
Uncontrolled related/analytical title Natural resources for the twenty-first century.
856 42 - ELECTRONIC LOCATION AND ACCESS
Materials specified Publisher description
Uniform Resource Identifier <a href="http://www.loc.gov/catdir/enhancements/fy0666/89019946-d.html">http://www.loc.gov/catdir/enhancements/fy0666/89019946-d.html</a>
906 ## - LOCAL DATA ELEMENT F, LDF (RLIN)
a 7
b cbc
c orignew
d 1
e ocip
f 19
g y-gencatlg
942 ## - ADDED ENTRY ELEMENTS (KOHA)
Source of classification or shelving scheme Library of Congress Classification
Koha item type General circulation
Holdings
Withdrawn status Lost status Source of classification or shelving scheme Damaged status Not for loan Home library Current library Shelving location Date acquired Total Checkouts Full call number Barcode Date last seen Koha item type
    Library of Congress Classification     Main Campus Library Main Campus Library General Stacks 12/09/2014   HC 103.7 .S2 2015/008089 12/05/2014 General circulation
Kitui, Kenya.
+254736116989
library@seku.ac.ke